5HLuxD.jpg

KING HENRY VIII SENIOR AND PRIMARY SCHOOL LIBRARY OPAC

Twelfth night / (Record no. 2896)

000 -LEADER
fixed length control field 01896pam a2200385 i 4500
001 - CONTROL NUMBER
control field 019228205
003 - CONTROL NUMBER IDENTIFIER
control field UkOxU
005 - DATE AND TIME OF LATEST TRANSACTION
control field 20230911091738.0
008 - FIXED-LENGTH DATA ELEMENTS--GENERAL INFORMATION
fixed length control field 110513s2011 enka 000|d eng|d
015 ## - NATIONAL BIBLIOGRAPHY NUMBER
National bibliography number GBB158661
Source bnb
020 ## - INTERNATIONAL STANDARD BOOK NUMBER
International Standard Book Number 9780007902385 (paperback)
020 ## - INTERNATIONAL STANDARD BOOK NUMBER
International Standard Book Number 0007902387 (paperback)
035 ## - SYSTEM CONTROL NUMBER
System control number (Uk)015808481
040 ## - CATALOGING SOURCE
Original cataloging agency StDuBDS
Language of cataloging eng
Description conventions rda
Transcribing agency StDuBDS
Modifying agency Uk
-- KH8
042 ## - AUTHENTICATION CODE
Authentication code ukblsr
082 04 - DEWEY DECIMAL CLASSIFICATION NUMBER
Classification number 822.33 SHA
Edition number 23
100 1# - MAIN ENTRY--PERSONAL NAME
Personal name Shakespeare, William,
Dates associated with a name 1564-1616,
Relator term author.
245 10 - TITLE STATEMENT
Title Twelfth night /
Statement of responsibility, etc. William Shakespeare ; additional notes and editing, Mike Gould.
250 ## - EDITION STATEMENT
Edition statement Harper Press paperback edition.
260 ## - PUBLICATION, DISTRIBUTION, ETC.
Place of publication, distribution, etc. London :
Name of publisher, distributor, etc. Harper Press,
Date of publication, distribution, etc. 2011.
300 ## - PHYSICAL DESCRIPTION
Extent xx, 266 pages :
Other physical details 1 illustration (black and white) ;
Dimensions 18 cm.
336 ## - CONTENT TYPE
Content type term text
Source rdacontent
337 ## - MEDIA TYPE
Media type term unmediated
Source rdamedia
338 ## - CARRIER TYPE
Carrier type term volume
Source rdacarrier
490 1# - SERIES STATEMENT
Series statement Collins classics
490 1# - SERIES STATEMENT
Series statement The Alexander Shakespeare
520 ## - SUMMARY, ETC.
Summary, etc. Named for the twelfth night after Christmas, the end of the Christmas season, Twelfth Night plays with love and power. The Countess Olivia, a woman with her own household, attracts Duke (or Count) Orsino. Two other would-be suitors are her pretentious steward, Malvolio, and Sir Andrew Aguecheek.<br/><br/>Onto this scene arrive the twins Viola and Sebastian; caught in a shipwreck, each thinks the other has drowned. Viola disguises herself as a male page and enters Orsino’s service. Orsino sends her as his envoy to Olivia—only to have Olivia fall in love with the messenger. The play complicates, then wonderfully untangles, these relationships.<br/>
600 10 - SUBJECT ADDED ENTRY--PERSONAL NAME
Personal name Shakespeare, William,
Dates associated with a name 1564-1616.
Title of a work Twelfth night.
650 #0 - SUBJECT ADDED ENTRY--TOPICAL TERM
Topical term or geographic name entry element Twins
Form subdivision Drama.
650 #0 - SUBJECT ADDED ENTRY--TOPICAL TERM
Topical term or geographic name entry element Mistaken identity
Form subdivision Drama.
700 1# - ADDED ENTRY--PERSONAL NAME
Personal name Gould, Mike
Titles and other words associated with a name (Children's story writer),
Relator term editor.
830 #0 - SERIES ADDED ENTRY--UNIFORM TITLE
Uniform title Collins classics.
830 #0 - SERIES ADDED ENTRY--UNIFORM TITLE
Uniform title Alexander Shakespeare.
942 ## - ADDED ENTRY ELEMENTS (KOHA)
Source of classification or shelving scheme
Koha item type Teaching Resources
Holdings
Withdrawn status Lost status Source of classification or shelving scheme Damaged status Not for loan Collection code Permanent Location Current Location Shelving location Date acquired Full call number Barcode Date last seen Price effective from Koha item type
          Teaching Resources KH8 Senior School Library KH8 Senior School Library Staff Office 2023-09-11 822.33 SHA TRKHSL002600 2023-09-11 2023-09-11 Teaching Resources
          Teaching Resources KH8 Senior School Library KH8 Senior School Library Staff Office 2023-09-11 822.33 SHA TRKHSL002601 2023-09-11 2023-09-11 Teaching Resources
          Teaching Resources KH8 Senior School Library KH8 Senior School Library Staff Office 2023-09-11 822.33 SHA TRKHSL002602 2023-09-11 2023-09-11 Teaching Resources
          Teaching Resources KH8 Senior School Library KH8 Senior School Library Staff Office 2023-09-11 822.33 SHA TRKHSL002603 2023-09-11 2023-09-11 Teaching Resources
          Teaching Resources KH8 Senior School Library KH8 Senior School Library Staff Office 2023-09-11 822.33 SHA TRKHSL002604 2023-09-11 2023-09-11 Teaching Resources
          Teaching Resources KH8 Senior School Library KH8 Senior School Library Staff Office 2023-09-11 822.33 SHA TRKHSL002605 2023-09-11 2023-09-11 Teaching Resources
          Teaching Resources KH8 Senior School Library KH8 Senior School Library Staff Office 2023-09-11 822.33 SHA TRKHSL002606 2023-09-11 2023-09-11 Teaching Resources
          Teaching Resources KH8 Senior School Library KH8 Senior School Library Staff Office 2023-09-11 822.33 SHA TRKHSL002607 2023-09-11 2023-09-11 Teaching Resources
          Teaching Resources KH8 Senior School Library KH8 Senior School Library Staff Office 2023-09-11 822.33 SHA TRKHSL002608 2023-09-11 2023-09-11 Teaching Resources
          Teaching Resources KH8 Senior School Library KH8 Senior School Library Staff Office 2023-09-11 822.33 SHA TRKHSL002609 2023-09-11 2023-09-11 Teaching Resources
          Teaching Resources KH8 Senior School Library KH8 Senior School Library Staff Office 2023-09-11 822.33 SHA TRKHSL002610 2023-09-11 2023-09-11 Teaching Resources
          Teaching Resources KH8 Senior School Library KH8 Senior School Library Staff Office 2023-09-11 822.33 SHA TRKHSL002611 2023-09-11 2023-09-11 Teaching Resources
          Teaching Resources KH8 Senior School Library KH8 Senior School Library Staff Office 2023-09-11 822.33 SHA TRKHSL002612 2023-09-11 2023-09-11 Teaching Resources
          Teaching Resources KH8 Senior School Library KH8 Senior School Library Staff Office 2023-09-11 822.33 SHA TRKHSL002613 2023-09-11 2023-09-11 Teaching Resources
          Teaching Resources KH8 Senior School Library KH8 Senior School Library Staff Office 2023-09-11 822.33 SHA TRKHSL002614 2023-09-11 2023-09-11 Teaching Resources
          Teaching Resources KH8 Senior School Library KH8 Senior School Library Staff Office 2023-09-11 822.33 SHA TRKHSL002649 2023-09-11 2023-09-11 Teaching Resources

Powered By KH8 IT Dept